Представление документа в формате MARC21

Поле Инд. ПП Название Значение
Тип записи a
Библиографический уровень b
001 Контрольный номер RU/IS/BASE/264552725
005 Дата корректировки 20200630193305.8
008 Кодируемые данные 19951026
084 a Индекс другой классификации/Индекс ББК 74.04(2Рос)
097 00 a 750
100 10 a Автор Димов В. М.
100 1_ a Автор Лесная Л. В.
245 00 a Заглавие Актуальные проблемы образования
650 a Основная рубрика образование
653 00 a Ключевые слова народное образование
a Ключевые слова Россия
773 00 t Заглавие источника Социально-политический журнал
d Дата издания источника 1995
g Прочая информация № 2. - С. 169 - 182
w Контрольный № источника RU/IS/BASE/141310091
901 t Тип документа b